Design and application of security fire-alarm systems
-д хадгалсан:
| Үндсэн зохиолч: | |
|---|---|
| Формат: | Ном |
| Хэл сонгох: | англи |
| Хэвлэсэн: |
Nueva York
McGraw-Hill
1981
|
| Нөхцлүүд: | |
| Шошгууд: |
Шошго нэмэх
Шошго байхгүй, Энэхүү баримтыг шошголох эхний хүн болох!
|
MARC
| LEADER | 00000nam a2200000 a 4500 | ||
|---|---|---|---|
| 001 | UCU5991 | ||
| 003 | CL-VaPUC | ||
| 008 | 960614e19810000US |||||||||||||||||eng|d | ||
| 082 | 0 | 4 | |a 628.922 |b TRA |2 21 |
| 100 | 0 | |a Traister, John E |e author |9 364098 | |
| 245 | 1 | 0 | |a Design and application of security fire-alarm systems |
| 300 | |a 176 p | ||
| 942 | |c BK | ||
| 945 | |d 19960614 00:00:00 |a cmena | ||
| 260 | |a Nueva York |b McGraw-Hill |c 1981 | ||
| 650 | 7 | |a SISTEMAS DE ALARMA |2 CL-VaPUC |9 364099 | |
| 650 | 0 | |a Tecnología de la seguridad |9 364100 | |
| 650 | 0 | |a Tecnología de la seguridad |9 364100 | |
| 650 | 7 | |a DETECCION |2 CL-VaPUC |9 362317 | |
| 583 | |a last modification |c 19960614 00:00:00 |k Rodrigo Vera | ||
| 999 | |c 249094 |d 249092 | ||
| 952 | |0 0 |1 0 |4 0 |6 628_922000000000000_TRA_1981 |7 0 |8 A |9 266129 |a BIBING |b BIBING |d 2019-11-19 |i 1678205 |o 628.922 TRA 1981 |p 1678205 |r 2025-01-20 |w 2019-11-19 |y BK |k EIE | ||